000 00445nam a2200193Ia 4500
005 20250423095908.0
008 250422s9999 xx 000 0 und d
020 _a97812920205
050 _aQA 76.73 .J38 .L48/
100 _aLewis, John
245 0 _aJava foundations
250 _a3rd ed.
260 _aBoston
260 _bPearson
260 _c2014
300 _a1105 p
650 _aJava (Computer program language)
942 _cBK
999 _c31659
_d31659